Central Library OPAC University of Rajshahi

Higher Algebra / (Record no. 40373)

MARC details
000 -LEADER
fixed length control field 00645nam a2200241 a 4500
001 - CONTROL NUMBER
control field 40373
003 - CONTROL NUMBER IDENTIFIER
rucl marc code BD-RjUL
005 - DATE AND TIME OF LATEST TRANSACTION
control field 20211209053212.0
008 - FIXED-LENGTH DATA ELEMENTS--GENERAL INFORMATION
fixed length control field 160430s2007 ii |||| |||| 00| 0 eng d
020 ## - INTERNATIONAL STANDARD BOOK NUMBER
International Standard Book Number 8174731040
Terms of availability : IRs. 95.00
035 ## - SYSTEM CONTROL NUMBER
System control number (BD-RjUL)40488
040 ## - CATALOGING SOURCE
Original cataloging agency BD-RjUL
Language of cataloging eng
Transcribing agency BD-RjUL
041 ## - LANGUAGE CODE
Language code of text/sound track or separate title eng
082 ## - DEWEY DECIMAL CLASSIFICATION NUMBER
Edition number 23
Classification number 512.8
Author mark and year HAH 2007
100 ## - MAIN ENTRY--PERSONAL NAME
Personal name Hall, H.S.
9 (RLIN) 124376
245 ## - TITLE STATEMENT
Title Higher Algebra /
Statement of responsibility, etc. H.S. Hall, S.R. Knight
250 ## - EDITION STATEMENT
Edition statement Metric ed.
260 ## - PUBLICATION, DISTRIBUTION, ETC. (IMPRINT)
Place of publication, distribution, etc. Delhi :
Name of publisher, distributor, etc. A.I.T.B.S Publishers,
Date of publication, distribution, etc. 2007
300 ## - PHYSICAL DESCRIPTION
Pagination xxii, 557 p. ;
Size 25 Cm.
650 ## - SUBJECT ADDED ENTRY--TOPICAL TERM
Topical term or geographic name as entry element Algebra
9 (RLIN) 124377
700 ## - ADDED ENTRY--PERSONAL NAME
Personal name Knight, S.R.
942 ## - ADDED ENTRY ELEMENTS (KOHA)
Source of classification or shelving scheme Dewey Decimal Classification
Koha item type Books
Holdings
Lost status Source of classification or shelving scheme Damaged status Not for loan Collection code Permanent Location Current Location Shelving location Date acquired Source of acquisition Cost, normal purchase price Total Checkouts Full call number Date last seen Copy number Koha item type Date checked out
  Dewey Decimal Classification     Non-fiction Central Library, University of Rajshahi Central Library, University of Rajshahi   23/07/2008 Paragon Enterprise, Dhaka 95.00   512.8 HAH 2007 30/04/2016 C-2 Books  
  Dewey Decimal Classification     Non-fiction Central Library, University of Rajshahi Central Library, University of Rajshahi   23/07/2008 Paragon Enterprise, Dhaka 95.00 1 512.8 HAH 2007 03/11/2025 C-3 Books 08/05/2025
  Dewey Decimal Classification   Not For Loan Non-fiction Central Library, University of Rajshahi Central Library, University of Rajshahi Reading Room 09/12/2021 Aligarh Library. 70.00   512.8 HAH 1996 13/04/2017 C-1 Books